Stati per numero di Carri armati - Statistics

Statistiche generali
  • Questo quiz è stato fatto 37 volte
  • Il punteggio medio è 9 su 10
Statistiche sulle risposte
Numero carri armati Continente Nazione % Corretto
5 651 Asia Cina
100%
13 530 Asia / Europa Russia
100%
4 645 America del Nord Stati Uniti
100%
4 740 Asia India
97%
4 250 Africa Egitto
94%
4 378 Asia / Europa Turchia
91%
3 501 Asia Corea del Nord
84%
2 321 Asia Corea del Sud
78%
2 123 Europa Ucraina
78%
4 148 Asia Pakistan
69%
Nessun quiz corrispondente trovato
Distribuzione punteggi
Percentuale di utenti per punteggio
Percentile per numero di risposta
I tuoi punteggi nel tempo
Non hai fatto questo quiz